[Event "Asia-chT fin 03rd (Women)"]
[Site "Jodhpur"]
[Date "2003.04.15"]
[Round "8"]
[White "Mahawaththa, Thushari"]
[Black "Harika, Dronavalli"]
[Result "0-1"]
[WhiteElo "2021"]
[BlackElo "2294"]
[PlyCount "68"]
[EventDate "2003.04.08"]
[EventType "team"]
[EventRounds "9"]
[EventCountry "IND"]
[SourceTitle "CBM 093 Extra"]
[Source "ChessBase"]
[SourceDate "2003.05.09"]
[SourceVersion "1"]
[SourceVersionDate "2003.05.09"]
[SourceQuality "1"]
[WhiteTeam "Sri Lanka (W)"]
[BlackTeam "India (W)"]
[WhiteTeamCountry "SRI"]
[BlackTeamCountry "IND"]

1. d4 Nf6 2. Nf3 g6 3. Bf4 Bg7 4. e3 0-0 5. Bd3 d6 6. Nbd2 Nh5 7. Bg3 Nd7 8. c3 b6 9. Qc2 Bb7 10. 0-0-0 c5 11. h4 Nxg3 12. fxg3 Nf6 13. h5 Qe8 14. hxg6 hxg6 15. Ng5 e5 16. Rh4 d5 17. dxe5 Qxe5 18. Ndf3 Qe8 19. Nxf7 Rxf7 20. Bxg6 Qxe3+ 21. Kb1 Re7 22. Bh7+ Kf8 23. Qg6 d4 24. Ng5 Qxg3 25. Ne6+ Rxe6 26. Qxg3 Nxh7 27. Rg4 Re7 28. Rf1+ Kg8 29. Qd6 Rae8 30. cxd4 Ba6 31. Rh1 Bd3+ 32. Kc1 cxd4 33. Qxd4 Bf5 34. Rg3 Rc7+ 0-1